Pueblos costeros de Euskadi - Estadísticas

Estadísticas generales
  • Esta prueba ha sido intentada 153 veces
  • La puntuación promedio es 21 de 41
Estadísticas de respuestas
Territorio Municipio % Correcto
Bizkaia Getxo
89%
Gipuzkoa Zarautz
86%
Gipuzkoa Donostia
78%
Gipuzkoa Hondarribia
76%
Bizkaia Lekeitio
76%
Bizkaia Bermeo
75%
Gipuzkoa Zumaia
75%
Bizkaia Sopela
72%
Gipuzkoa Orio
70%
Gipuzkoa Getaria
69%
Lapurdi Getaria
69%
Gipuzkoa Deba
68%
Bizkaia Ondarroa
68%
Bizkaia Plentzia
68%
Bizkaia Portugalete
66%
Bizkaia Mundaka
65%
Bizkaia Santurtzi
64%
Gipuzkoa Mutriku
63%
Bizkaia Bakio
60%
Bizkaia Muskiz
60%
Gipuzkoa Pasaia
59%
Bizkaia Ea
55%
Lapurdi Hendaia
50%
Bizkaia Elantxobe
49%
Bizkaia Gorliz
49%
Lapurdi Biarritz
44%
Bizkaia Zierbena
43%
Bizkaia Barrika
41%
Bizkaia Ibarrangelu
33%
Bizkaia Ispaster
31%
Bizkaia Lemoiz
28%
Bizkaia Sukarrieta
26%
Bizkaia Berriatua
24%
Bizkaia Mendexa
24%
Bizkaia Busturia
21%
Lapurdi Donibane Lohizune
20%
Lapurdi Angelu
17%
Lapurdi Urruña
12%
Lapurdi Bidarte
11%
Bizkaia Murueta
11%
Lapurdi Ziburu
10%
No se encontraron pruebas coincidentes
Distribución de puntuación
Porcentaje de gente con cada puntuación
Porcentaje por número respondido
Historial de tus puntuaciones
No has intentado esta prueba.